Applied thermodynamics for engineering technologists (Record no. 12400)

000 -LEADER
fixed length control field 00489nam a22001697a 4500
020 ## - INTERNATIONAL STANDARD BOOK NUMBER
International Standard Book Number 9788177582383
082 ## - DEWEY DECIMAL CLASSIFICATION NUMBER
Classification number 621.4021 EAS
100 ## - MAIN ENTRY--PERSONAL NAME
Personal name Eastop, T. D. (Thomas D.)
245 ## - TITLE STATEMENT
Title Applied thermodynamics for engineering technologists
250 ## - EDITION STATEMENT
Edition statement 5th ed.
260 ## - PUBLICATION, DISTRIBUTION, ETC.
Place of publication, distribution, etc. New Delhi, India
Name of publisher, distributor, etc. Pearson Educations
Date of publication, distribution, etc. 1993
300 ## - PHYSICAL DESCRIPTION
Extent 735 p.
Other physical details ill. ;
500 ## - GENERAL NOTE
General note Includes bibliographical references and index.
650 ## - SUBJECT ADDED ENTRY--TOPICAL TERM
Topical term or geographic name entry element Thermodynamics.
700 ## - ADDED ENTRY--PERSONAL NAME
Personal name McConkey, A. (Allan)
942 ## - ADDED ENTRY ELEMENTS (KOHA)
Koha item type Book
Holdings
Withdrawn status Lost status Damaged status Not for loan Collection code Permanent Location Current Location Shelving location Date acquired Source of acquisition Cost, normal purchase price Total Checkouts Total Renewals Full call number Barcode Date last seen Date last checked out Price effective from Koha item type
          Central Library (CL) Central Library (CL) General Stacks 12/27/2013 Saeed Book Bank 1044.66 11 3 621.4021 EAS SEECS012736 10/12/2023 09/08/2021 12/30/2013 Book
© 2023 Central Library, National University of Sciences and Technology. All Rights Reserved.